Reklama a její technika Jan Brabec

Na minha lista:
Detalhes bibliográficos
Formato: Livro
Idioma:tcheco
Publicado em: Praha Orbis 1946
Tags: Adicionar Tag
Sem tags, seja o primeiro a adicionar uma tag!

MARC

LEADER 00000nam a2200000 4500
001 0268165
005 20240822101711.6
041 0 |a cze 
044 |a CZ 
245 1 0 |a Reklama a její technika  |b Jan Brabec 
264 1 |a Praha  |b Orbis  |c 1946